| 000 | 00781nam a2200229 i 4500 | ||
|---|---|---|---|
| 001 | 170771 | ||
| 003 | ES-MaACL | ||
| 005 | 20250824010756.0 | ||
| 007 | t| | ||
| 008 | 090403s1914 fr ||||1| fre d | ||
| 080 | _a78"16/17" | ||
| 100 | 1 |
_aCurzon, Henri de. _942258 |
|
| 245 | 1 | 3 |
_aLa musique _b: textes choisis et commentés / _cpar Henri de Curzon. |
| 260 |
_aParis : _bPlon-Nourrit et Cie, _c1914. |
||
| 300 |
_aIII, 341 p. ; _c19 cm. |
||
| 490 | 1 | _aBibliothèque française. XVIIIe siècle. La vie artistique | |
| 650 | 4 |
_aMúsica- _zFrancia. _915390 |
|
| 830 | 0 |
_aBibliothèque française. XVIIIe siècle. La vie artistique _9223077 |
|
| 852 | 4 |
_aES-MaACL _jE-12540 _9R.140149 _z. - Biblioteca Jacinto Martínez Lacalle |
|
| 942 | _2udc | ||
| 999 |
_c170771 _d170771 |
||